01151cam a2200313 i 450000100090000000300090000900500170001800800410003502000180007604000380009408200200013210000280015224500610018026400650024126400110030630000460031733600260036333600330038933700280042233800270045050400510047765000420052865300240057065500170059490600450061194200120065699900170066895201520068519991289EG-ScBUE20250224105250.0170914t2018 mnua f bf 001 0 eng d a9781589239432 aDLCbengerdacDLCdDLCdEG-ScBUE04a668.12222bFIS1 aFisher, David,eauthor.14aThe complete photo guide to soap making /cDavid Fisher. 1aMinneapolis, MN :bCreative Publishing International,c2018. 4c©2018 a176 pages :bcolor illustrations ;c28 cm atextbtxt2rdacontent astill imagebsti2rdacontent aunmediatedbn2rdamedia avolumebnc2rdacarrier aIncludes bibliographical references and index. 7aSoapvHandbooks, manuals, etc.2BUEsh cFebruary2025bPPhrm vReading book a7bcbccorignewd1eecipf20gy-gencatlg 2ddccBB c30924d30895 00102ddc40708AlahramaMAINbMAINc1STd2025-02-24ePurchaseg340.00h154l0o668.12 FISp000057287r2025-07-15 00:00:00v425.00w2025-02-24yBB